ბათუმის შოთა რუსთაველის სახელმწიფო უნივერსიტეტის ბიბლიოთეკა

ვასიოკ ტრუბაჩოვი და მისი ამხანაგები. წ. 1 (ბიბ.ჩანაწერი № 50111)

000 -LEADER
fixed length control field 00745nam a2200205Ia 4500
001 - CONTROL NUMBER
control field 17049
003 - CONTROL NUMBER IDENTIFIER
control field GE_BSU
008 - FIXED-LENGTH DATA ELEMENTS--GENERAL INFORMATION
fixed length control field 181216s||||||||xx |||||||||||||| ||und||
040 ## - CATALOGING SOURCE
Transcribing agency GE_BSU
080 ## - UNIVERSAL DECIMAL CLASSIFICATION NUMBER
Universal Decimal Classification number 82-93:821.161.1-3
100 ## - MAIN ENTRY--PERSONAL NAME
Personal name ოსეევა, ვ.
245 ## - TITLE STATEMENT
Title ვასიოკ ტრუბაჩოვი და მისი ამხანაგები. წ. 1
245 ## - TITLE STATEMENT
Statement of responsibility, etc. თარგ. ელ. გოგოლაშვილმა
260 ## - PUBLICATION, DISTRIBUTION, ETC.
Place of publication, distribution, etc. თბილისი
260 ## - PUBLICATION, DISTRIBUTION, ETC.
Name of publisher, distributor, etc. საბლიტგამი
300 ## - PHYSICAL DESCRIPTION
Extent 202 გვ. : ილ.22სმ
653 ## - INDEX TERM--UNCONTROLLED
Uncontrolled term ვასიოკ ტრუბაჩოვი და მისი ამხანაგები
653 ## - INDEX TERM--UNCONTROLLED
Uncontrolled term მოთხრობა
942 ## - ADDED ENTRY ELEMENTS (KOHA)
Koha item type წიგნი
ეგზემპლარები
Withdrawn status Lost status Damaged status Not for loan Date acquired Barcode Date last seen Price effective from Koha item type
        2018-12-17 21436 2018-12-17 2018-12-17 წიგნი